000 00264nam a2200097Ia 4500
005 20251222114346.0
008 251222s1900||||xx |||||||||||||| ||spa||
082 _aDVD0092/V86/2009
245 0 _aDie frau mit den elefanten:La mujer con los cinco elefantes
942 _cDVD
999 _c1054
_d1054